| 000 | 00456cam a2200181ua 4500 | ||
|---|---|---|---|
| 020 |
_a81 7029 482 7 _c99.00 |
||
| 041 |
_aeng _h |
||
| 082 |
_a004.6 _bREN/CC |
||
| 100 | _aRennie, Cindy . | ||
| 245 |
_aC C : Mail plain and simple / _cCindy Rennie. _hTextual Documents |
||
| 250 |
_a1 / _b. |
||
| 260 |
_aNew Delhi : _bB P B Publishers , _c1994. |
||
| 300 | _a278 ; . | ||
| 365 | _a99.00 | ||
| 504 | _a | ||
| 942 | _cBK | ||
| 999 |
_c9598 _d9598 |
||